000 01423cam a2200229 4500
001 J124334
008 031114n2012 000 0 eng u
035 _a(Sirsi) u124334
041 _aeng
050 _a306.82
_c18
110 _aUnited Kingdom
_bOffice of the Deputy Prime Minister
245 _aStatutory homelessness statistics
_b2000-2012
_h[electronic resource]
260 _aLondon
_bDCLG
_c2012
520 _aPublished quarterly, the "Statutory homelessness statistical release" provides statistics for households in England defined as homeless in the 1985 and 1996 Housing Acts. It also contains figures for: the number of households eligible for assistance as a result of unintentional homelessness and falling within a priority need group; reason for loss of last settled home; households in temporary accommodation; and type of temporary accommodation.
650 _aHOUSING STATISTICS
650 _aHOMELESSNESS
650 _aTEMPORARY ACCOMMODATION
690 _aAffordable housing
_96215
856 4 0 _https://web.archive.org/web/20121114060820/http://www.communities.gov.uk/housing/housingresearch/housingstatistics/housingstatisticsby/homelessnessstatistics/publicationshomelessness/
_zView the homelessness statistics 2000-2012 at www.communities.gov.uk
856 4 0 _uhttps://www.gov.uk/government/collections/homelessness-statistics
_zView the homelessness statistics at www.gov.uk
942 _n0
999 _c103205
_d103205